000 00444nam a2200181Ia 4500
001 2471
005 20260306144809.0
008 260306t2012||||xx |||||||||||||| ||spa||
041 _aESP
082 _a616.891
_bB34A
100 _aBeck, Aaron T.
_eAUT
245 0 _aTerapia cognitiva de los transtornos de personalidad
260 _c2012
300 _a460 páginas :
_c22 cm.
650 _aGEN
654 _aCPS
942 _cLIB
_dJUS
_fJUS
_2ddc
_n
999 _c2471
_d2471